000 00822cab a22001815a 4500
001 L144751
008 080807e20080618xxkd f s 000 0 eng d
035 _a(Sirsi) u144751
041 0 _aeng
100 1 _aStagg, James
245 0 0 _aCJ50
_bMcAlpine fronts the pack
260 _c2008
490 _aContract Journal
_v443(6680) 18 June 2008, 16-17(2)
520 _aMonthly league table of new work winners, divided geographically and by sector. Work continues to remain well below the £2.8 bn, 12-month average, with Sir Robert McAlpine taking the overall top spot thanks to the Olympic stadium project. HBG moved into second place after closing a deal on a £300 million hospital redevelopment scheme.
651 4 _aUnited Kingdom
_y
690 _aPROPERTY-COMMERCIAL PROPERTY-COMMERCIAL PROPERTY MARKET
942 _n0
999 _c80573
_d80573